| 000 | 01572nam a2200361 a 4500 | ||
|---|---|---|---|
| 999 |
_c959 _d959 |
||
| 001 | 010260839 | ||
| 003 | ALUPE UNIEVRSITY | ||
| 005 | 20210623061321.0 | ||
| 008 | 900404m19901992enk 000 0 eng d | ||
| 015 | _aGB-9014072 | ||
| 020 | _a0406146012 | ||
| 020 | _a0406014213 (suppl) | ||
| 040 |
_cALUPE UNIEVRSITY _dALUPE UNIEVRSITY |
||
| 050 | 0 |
_aKD3168 _b.H46 1990 |
|
| 082 |
_a344.104465 _220 |
||
| 092 | _aD0400582191 | ||
| 100 | 1 | _aFife, Ian. | |
| 245 | 1 | 0 |
_aHealth and safety / _cby Ian Fife and E. Anthony Machin |
| 260 |
_aLondon : _bButterworths, _c1990-1992 |
||
| 300 |
_alxxv, 1700 p ; _c18 cm + _esupplement (xxvii, 247 p.) |
||
| 500 | _aAt head of t.p.: Redgrave Fife and Machin | ||
| 500 | _aComprises amalgamation and revision of Redgrave's Health and safety in factories, 2nd ed. 1982, (in effect the 24th ed. of the book originally publ. by Alexander Redgrave in 1878) and Health and safety at work, 1980 both by Ian Fife and E. Anthony Machin | ||
| 504 | _aIncludes index | ||
| 650 | 0 |
_aIndustrial hygiene _xLaw and legislation _zGreat Britain. |
|
| 650 | 0 |
_aIndustrial safety _xLaw and legislation _zGreat Britain |
|
| 700 | 1 | _aMachin, E. Anthony. | |
| 700 | 1 |
_aFife, Ian. _tRedgrave's health and safety in factories. |
|
| 700 | 1 |
_aFife, Ian. _tHealth and safety at work excluding factories and mines. |
|
| 700 | 1 |
_aRedgrave, Alexander, _d1818-1894. _tRedgrave's health and safety in factories |
|
| 942 |
_2lcc _cBK _nDO |
||